000 00491nam a22001817a 4500
003 OSt
008 250808b |||||||| |||| 00| 0 eng d
020 _a9789383305513
082 _a634.042
_bD58F
245 _aFruit Breeding /
_cedited by M. R. Dinesh
260 _a.- New Delhi
_b: NIPA
_c, 2015
300 _axiv,364p
650 _aTechnology (Applied Sciences)
650 _aAgriculture and Related Technologies
650 _aFruits
700 _aDinesh, M. R.
942 _2ddc
_cBK
_03
999 _c48678
_d48678